000 00365nam a2200145Ia 4500
008 240624s9999 xx 000 0 und d
041 _aeng
082 _a309 CHA
100 _aCHAFFIN CHARLES R
245 _aFINANCIAL PLANNING COMPETENCY HANDBOOK
250 _a(2nd ed.)
260 _c2015
_aNew Delhi
_bWiley
300 _axxxiii, 907 p.; 4 cm.
365 _c
_b28
999 _c29914
_d29914